African Countries With A Green State Of Democracy - Statistics

General Stats
  • This quiz has been taken 71 times
  • The average score is 7 of 8
Answer Stats
Rank Country Score % Correct
4 South Africa 7.24
95%
8 Namibia 6.43
93%
1 Mauritius 8.22
92%
2 Botswana 7.81
90%
3 Cape Verde 7.78
82%
6 Ghana 6.63
80%
5 Tunisia 6.72
77%
7 Lesotho 6.54
60%
No matching quizzes found
Score Distribution
Percent of People with Each Score
Percentile by Number Answered
Your Score History
You have not taken this quiz